Statistics for US States Without A Roman Numeral In Its Name

Click here to take the quiz!

General Stats

  • This quiz has been taken 164 times
  • The average score is 5 of 8

Answer Stats

Answer% Correct
NewYork
70%
Kansas
64%
Arkansas
61%
Utah
61%
Oregon
60%
New Jersey
59%
Nebraska
42%
Tennessee
42%

Score Distribution

Percentile by Number Answered

Percent of People with Each Score

Your Score History

You have not taken this quiz